Centrum vedy a techniky Čuňovo

Guardado en:
Detalles Bibliográficos
Autor principal: Bakočka, Michal (Autor)
Otros Autores: Struhařová, Petra (Orientador)
Formato: Manuscrito Libro
Lenguaje:eslovaco
Publicado: 2017
Materias:
Acceso en línea:http://is.stuba.sk/zp/portal_zp.pl?podrobnosti=108226
https://opac.crzp.sk/?fn=detailBiblioForm&sid=3D579E6F99510E20DAB943D0A384
Etiquetas: Agregar Etiqueta
Sin Etiquetas, Sea el primero en etiquetar este registro!

MARC

LEADER 00000ntm a22000003a 4500
001 stuzp62417
003 SK-STU
005 20230525142400.9
007 ta
008 150427s2015----xo-----f-mn---000-0-slo-d
040 |a STU  |b slo 
041 0 |a slo 
100 1 |a Bakočka, Michal  |u 010310  |4 aut  |U SvF Stavebná fakulta  |T SvF Katedra architektúry  |X 62943  |U V181|V310  |Y 19  |7 62943 
242 0 1 |a Center of Science and Technology Čunovo  |y eng 
245 1 0 |a Centrum vedy a techniky Čuňovo 
260 |c 2017 
650 4 |a technika  |2 slo 
650 4 |a architektúra  |2 slo 
650 4 |a veda  |2 slo 
650 4 |a kultúra  |2 slo 
650 4 |a science  |2 eng 
650 4 |a technology  |2 eng 
650 4 |a architecture  |2 eng 
650 4 |a culture  |2 eng 
700 1 |a Struhařová, Petra  |u 010310  |k Z3  |4 ths  |U SvF Stavebná fakulta  |T SvF Katedra architektúry  |X 77076  |U V181|V310  |Y 19  |7 77076 
856 4 |u http://is.stuba.sk/zp/portal_zp.pl?podrobnosti=108226 
856 4 |u https://opac.crzp.sk/?fn=detailBiblioForm&sid=3D579E6F99510E20DAB943D0A384